[Event "zonal 2.2"]
[Site "Brantford CAN"]
[Date "1999.??.??"]
[Round "2"]
[White "Lesiege, Alexandre"]
[Black "Allan, Denis"]
[Result "1-0"]
[WhiteElo "2553"]
[BlackElo "2295"]
[EventDate "1999.08.31"]
[PlyCount "57"]

1.d4 Nf6 2.c4 e5 3.dxe5 Ng4 4.Bf4 Bb4+ 5.Nd2 d6 6.exd6 Qf6 7.e3 g5 8.Bg3 
h5 9.h4 Qxb2 10.Nf3 gxh4 11.Rxh4 Bf5 12.Qc1 Qg7 13.Nd4 Nxe3 14.Nxf5 Nxf5 
15.Re4+ Kf8 16.Be5 f6 17.dxc7 Nc6 18.Bc3 Bd6 19.Re6 Be5 20.Bxe5 fxe5 21.
Qb1 e4 22.Nxe4 Nfe7 23.Rf6+ Kg8 24.c5 Rh6 25.Bc4+ Kh8 26.Rxh6+ Qxh6 27.
Qb2+ Qg7 28.Qxg7+ Kxg7 29.O-O-O 1-0

[Event "zonal 2.2"]
[Site "Brantford CAN"]
[Date "1999.??.??"]
[Round "2"]
[White "Glinert, Stephen"]
[Black "Ross, David"]
[Result "1/2-1/2"]
[WhiteElo "2191"]
[BlackElo "2345"]
[EventDate "1999.08.31"]
[PlyCount "76"]

1.e4 e6 2.Nc3 b6 3.g3 Bb7 4.Bg2 f5 5.d3 Bb4 6.Ne2 Ne7 7.O-O O-O 8.a3 Bxc3 
9.Nxc3 Qc8 10.d4 fxe4 11.Nxe4 a5 12.Re1 a4 13.c4 Nf5 14.Bf4 Nh4 15.Bh1 Ng6
16.Bd2 Nc6 17.Bc3 Nce7 18.h4 d5 19.Ng5 Rf6 20.Qg4 Nf8 21.cxd5 Nxd5 22.h5 
Nxc3 23.Bxb7 Qxb7 24.bxc3 Ra5 25.Nxe6 Nxe6 26.Rxe6 Qc8 27.Rae1 Rxe6 28.
Qxe6+ Qxe6 29.Rxe6 Rb5 30.Rc6 Rb3 31.Rxc7 Rxa3 32.d5 Ra1+ 33.Kg2 Rd1 34.c4
h6 35.Ra7 b5 36.cxb5 Rxd5 37.b6 Rb5 38.b7 Kh7 1/2-1/2

[Event "zonal 2.2"]
[Site "Brantford CAN"]
[Date "1999.??.??"]
[Round "5"]
[White "Glinert, Stephen"]
[Black "Day, Lawrence"]
[Result "0-1"]
[WhiteElo "2191"]
[BlackElo "2319"]
[EventDate "1999.08.31"]
[PlyCount "57"]

1.e4 e6 2.Nc3 d5 3.d4 Bb4 4.Ne2 Nf6 5.exd5 Nxd5 6.a3 Be7 7.Nxd5 exd5 8.Ng3
O-O 9.Bd3 c5 10.dxc5 Bxc5 11.O-O Nc6 12.c3 g6 13.Bf4 Be6 14.Re1 Re8 15.Qd2
Bf8 16.Bh6 Bg7 17.Bc2 Bh8 18.Ne2 d4 19.Rad1 dxc3 20.Nxc3 Qxd2 21.Bxd2 a6 
22.Be4 Rac8 23.Rc1 Na5 24.Bd5 Bxd5 25.Nxd5 Rxc1 26.Rxc1 Nb3 27.Ne3 Nxc1 
28.Bxc1 Rc8 29.Bd2 0-1

[Event "zonal 2.2"]
[Site "Brantford CAN"]
[Date "1999.??.??"]
[Round "7"]
[White "Pushkedra, Frank"]
[Black "Gentes, Kevin"]
[Result "1-0"]
[WhiteElo "2345"]
[BlackElo "2325"]
[EventDate "1999.08.31"]
[PlyCount "69"]

1.e4 e6 2.d4 d5 3.Nc3 Nf6 4.Bg5 Bb4 5.e5 h6 6.Bd2 Bxc3 7.bxc3 Ne4 8.Qg4 
Kf8 9.Bc1 c5 10.Bd3 Qa5 11.Ne2 cxd4 12.O-O dxc3 13.f3 Nc5 14.f4 Nxd3 15.
cxd3 Nc6 16.a4 Kg8 17.Ng3 Kh7 18.Nh5 Rg8 19.Qh4 Qc5+ 20.Kh1 Qd4 21.Qh3 Ne7
22.Nf6+ gxf6 23.f5 Rg5 24.Bxg5 fxg5 25.Qh5 Kg8 26.f6 Qh4 27.fxe7 Qxh5 28.
e8=Q+ Kg7 29.Rf6 Bd7 30.Qxa8 c2 31.Raf1 Qd1 32.Rxf7+ Kg6 33.Qf8 c1=Q 34.
Rf6+ Kh5 35.Qxh6+ 1-0